Brawl Stars - Titres de maitrise - Prestiges 3 - Statistiques

Statistiques générales
  • Ce quiz a été pris 26 fois
  • Le résultat moyen est 9 sur 20
Statistiques - réponses
Titres de Maitrises Brawler % Correct
Douce comme du miel Béa
100%
Joker Chester
100%
Brawl Stars Forever ! Colette
100%
Zzzz... Émeri
100%
Bonhomme au ballon Gus
100%
Sabre du samouraï Kenji
100%
Diva Lola
100%
Vroum vroum Max
100%
Méli-mélodie Mélody
100%
Pingouin-ouin Mr. M
100%
Pro Skater Ollie
100%
À coups de cookies Pearl
100%
Un peu loco Poco
100%
Sniper Polly
100%
Dans les ombres Sirius
100%
Je s'appelle Trunk ! Trunk
100%
On casse du sucre Mandy
88%
Charmeuse de serpents Najia
83%
Artiste Otis
83%
Grande sœur Janet
80%
Doux vaudou Juju
80%
Ton glacial Lou
75%
Maître du tonnerre Ziggy
75%
Game Over A.R.K.A.D
71%
Bang bang bang Colt
67%
Champimignon Cordélius
67%
Pop, pop, pop ! Maisie
67%
Comme une fleur Rosa
67%
Tournée générale Bartaba
60%
Beauté dangereuse Charlie
60%
Mon jeu, mes règles ! Meeple
60%
Enfant sauvage Nita
60%
Fantástico Shelly
60%
Ça pique Spike
60%
Le capitaine Darryl
57%
Maître du métal Draco
57%
est on fire ! Ambre
50%
C'est criminel Belle
50%
Me cherchez pas, je charge ! Bull
50%
Ciné dans le nez Buster
50%
Le boss des boss Corbac
50%
Ablablababa Djinn
50%
!Sin dolor no hay gloria! El Costo
50%
Or brillant Griff
50%
Passe à la casse Jessie
50%
Miagnifique Kit
50%
Hérault du chaos Mortis
50%
Perspicace R-T
50%
Dans ta face Billy
33%
Explosion de style Dynamike
33%
Mama Ève
33%
Chaperon rouge Grom
33%
Bananère Mico
33%
Ordure d'or dure Ash
29%
Hydratation essentielle Buzz
25%
Fan de chats Finx
25%
Chut ! Gray
25%
Pile ou face Larry & Lawrie
25%
Tu me vois... Léon
25%
Chaud-froid Lumi
25%
Linge sale Shade
25%
Hé, du calme... Doug
20%
P'tit chef Hank
20%
T'approches pas Jacky
20%
Employé du mois Jae-Yong
20%
Dingue de flingues Pierce
20%
Médaille d'or Colonel Médor
17%
Lobotomie assurée Frank
17%
La rebelle Penny
14%
Jamais loin Alli
0%
Thé de qualité Angelo
0%
Doux plaisirs Berry
0%
Vertu de la patience Bo
0%
Diastème de diamant Bonnie
0%
Le Winner Brock
0%
L'Éclair Buzz l'éclair
0%
L'expérience de l'âge Byron
0%
Trop intello Carl
0%
Tchak-tchak-tchak Chuck
0%
Sans pitié Clancy
0%
EZ Edgar
0%
ratio Eliz@
0%
Kiffeur Fang
0%
Retraite méritée Gaël
0%
Élégance ultime Gigi
0%
Tout seul :( Glowy
0%
Comme le vent Kaze
0%
Discrétion absolue Lily
0%
Méchante mécha Meg
0%
Danse de la mort Mina
0%
Ouistiti ! Moe
0%
Trop mimi Nani
0%
Aspiré ! Pam
0%
Pro sur l'eau Ricochet
0%
Gnap gnap ! Sam
0%
Glisse entre les doigts Squeak
0%
Sur une roue Stu
0%
Toujours plus d'énergie Surge
0%
Destin fatal Tara
0%
Boum boum boum Tick
0%
Avec amour Wally
0%
Tout est sous contrôle Willow
0%
Aucun quiz correspondant
Distribution des résultats
% des personnes avec chaque résultat
Percentile par nombre de réponses
Votre historique - résultats
Vous n’avez pas pris ce quiz